000 00705nam a2200253Ia 4500
005 20260121153846.0
008 008 260114s9999 xx 000 0 eng d
020 _a9781315152110
037 _aEBOOK
040 _aCRL
040 _beng
040 _cCRL
041 _2eng
041 _aeng
084 _qCRL
100 _aM. Lindsay Grayson; Suzanne Crowe; James McCarthy; John Mills; Johan W. Mouton; David Paterson; Sara Cosgrove; William Hope
_91000005
245 0 _aKucers' The Use of Antibiotics
260 _bTaylor and Francis
260 _c2018
856 _uhttp://www.taylorfrancis.com/books/9781315152110
942 _cEBOOK
999 _c1566826
_d1566826